Sports Quiz

Random Sports or Baseball Quiz

Big 4 Teams, What Kind of Things? Quiz Stats

 Plays Quiz Updated May 13, 2019

Score 0/24 Timer 02:30
32 Plays Today
Question Answer Wrong Answers
Chicago (NBA) Animals (Bulls)
93.2%
People
1%
Other
0.9%
Utah (NBA) Other (Jazz)
92.6%
Animals
1.2%
People
1.4%
Atlanta (NFL) Animals (Falcons)
92.1%
People
1.6%
Other
1.4%
Seattle (NFL) Animals (Seahawks)
91.2%
People
2.3%
Other
1.6%
Baltimore (MLB) Animals (Orioles)
90.7%
People
1.6%
Other
2.6%
Carolina (NFL) Animals (Panthers)
90.2%
People
1.2%
Other
3.4%
Golden State (NBA) People (Warriors)
90.2%
Animals
1.1%
Other
3.7%
Colorado (MLB) Other (Rockies)
89.6%
Animals
2.7%
People
2.6%
San Antonio (NBA) Spurs (Rockets)
89.5%
Animals
2.7%
People
2.7%
San Jose (NHL) Animals (Sharks)
89.4%
People
2%
Other
3.4%
Minnesota (NFL) People (Vikings)
89.4%
Animals
3.5%
Other
2.3%
Memphis (NBA) Animals (Grizzlies)
88.8%
People
1.7%
Other
4.5%
Denver (NBA) Other (Nuggets)
88.7%
Animals
4.2%
People
2.3%
Pittsburgh (MLB) People (Pirates)
87.6%
Animals
4.9%
Other
2.6%
Texas (MLB) People (Rangers)
87.6%
Animals
2.1%
Other
5.1%
Calgary (NHL) Other (Flames)
87.4%
Animals
3.5%
People
4.1%
Dallas (NFL) People (Cowboys)
86.9%
Animals
1.8%
Other
6.4%
Miami (MLB) Animals (Marlins)
86.3%
People
2.2%
Other
6.5%
Ottawa (NHL) People (Senators)
85.3%
Animals
3.9%
Other
5.6%
Boston (MLB) Other (Red Sox)
84.8%
Animals
3.2%
People
7.3%
Los Angeles (NHL) People (Kings)
84%
Animals
4.6%
Other
6.4%
Toronto (NHL) Other (Maple Leafs)
83.9%
Animals
8.3%
People
2.9%
Tampa Bay (NFL) People (Buccaneers)
83.4%
Animals
5.5%
Other
6.2%
Buffalo (NHL) Other (Sabres)
56.6%
Animals
34%
People
4.5%

You're not logged in!

Compare scores with friends on all Sporcle quizzes.
OR
Log In

Show Comments

Extras

Top Quizzes Today


Score Distribution

Your Account Isn't Verified!

In order to create a playlist on Sporcle, you need to verify the email address you used during registration. Go to your Sporcle Settings to finish the process.

Report this User

Report this user for behavior that violates our Community Guidelines.

Details: